| 000 | 00554nam a22001937a 4500 | ||
|---|---|---|---|
| 003 | OSt | ||
| 005 | 20260115060112.0 | ||
| 008 | 260115b |||||||| |||| 00| 0 eng d | ||
| 020 | _a 0-7844-9685-4 | ||
| 040 |
_aDWC-Main lib _cOC |
||
| 082 | _aCirc. 641.22 S847w 2003 | ||
| 100 | _aStevenson, Tom | ||
| 245 |
_aWine/ _cTom Stevenson |
||
| 260 |
_aLondon, N.Y : _bDK publishing, _cc2003. |
||
| 300 |
_a 73 pages : _bcolor illustrations ; _c18cm |
||
| 504 | _aIncludes index. | ||
| 650 | _a1. Wine and wine making | ||
| 942 |
_2ddc _cBK-CIRC _kCirc. _n0 |
||
| 999 |
_c7427 _d7427 |
||